[Event "Regionalliga SO 1112"]
[Site "Bayern"]
[Date "2012.03.18"]
[Round "8.8"]
[White "Winterholler, Christina"]
[Black "Stoppel, Michael"]
[Result "0-1"]
[WhiteElo "1743"]
[BlackElo "1772"]
[PlyCount "78"]
[EventDate "2011.10.02"]
[EventType "team-tourn"]
[EventRounds "9"]
[EventCountry "GER"]
[SourceTitle "EXT 2015"]
[Source "ChessBase"]
[SourceDate "2014.11.20"]
[SourceVersion "1"]
[SourceVersionDate "2014.11.20"]
[SourceQuality "1"]
[WhiteTeam "Ingolstadt II"]
[BlackTeam "Trostberg"]
[WhiteTeamCountry "GER"]
[BlackTeamCountry "GER"]

1. e4 c5 2. Nf3 e6 3. d3 Nc6 4. g3 d5 5. Qe2 dxe4 6. dxe4 e5 7. c3 Nf6 8. Nbd2 Bd6 9. Bg2 0-0 10. 0-0 Qe7 11. Nc4 Bc7 12. Bg5 h6 13. Bxf6 Qxf6 14. Ne3 Ne7 15. Nh4 Rb8 16. Rad1 b5 17. Qc2 g6 18. Nf3 Be6 19. Ne1 c4 20. Qe2 h5 21. N1c2 a5 22. Nd5 Nxd5 23. exd5 Bg4 24. f3 Bf5 25. Qd2 Rbd8 26. Ne1 Rfe8 27. g4 Bc8 28. Kh1 Qh4 29. Qf2 Qxf2 30. Rxf2 hxg4 31. fxg4 Bxg4 32. Bf3 Bf5 33. Ng2 Bb6 34. Rfd2 e4 35. Be2 e3 36. Rd4 Bxd4 37. Rxd4 Be4 38. Kg1 Bxd5 39. Nf4 Bc6 0-1